Ethics as the Presumption of the financial Stability and Development of the Non-Profit Organization

Salvato in:
Dettagli Bibliografici
Autore principale: Majdúchová, Helena, 1963-
Altri autori: Gajdová, Denisa, 1977-
Natura: Capitolo di libro
Lingua:inglese
Soggetti:
Tags: Aggiungi Tag
Nessun Tag, puoi essere il primo ad aggiungerne!!

MARC

LEADER 00000nla a2200000 4500
001 0183727
005 20240522092851.7
041 0 |a eng 
044 |a CH 
245 1 0 |a Ethics as the Presumption of the financial Stability and Development of the Non-Profit Organization  |c Helena Majdúchová, Denisa Gajdová 
500 |a Abstrakt 
610 2 0 |a organizácie neziskové 
610 2 0 |a financovanie 
610 2 0 |a stabilita finančná 
610 2 0 |a efektívnosť sociálno-ekonomická 
610 2 0 |a etika 
100 1 |a Majdúchová, Helena, 1963- 
700 1 |a Gajdová, Denisa, 1977-